01086nam a2200313Ia 450000500170000000800410001702000180005804100080007610000250008424500580010925000180016730000470018549000210023252100350025365000510028865000510033965000350039065000340042565000350045965000370049465000400053170000340057126400330060533600270063833700330066533800280069804000350072608400110076120220317001745.0170328s2014 c a g 000 j s  a9789587054293 aspa1 aLindo, Elvirad1962-10aOlivia no sabe perdercElvira Lindo, Emilio Urberuaga a1a. edición a22 páginasbilustraciones a colorc20 cm aCuentos de ahora aRecomendado desde los 3 años142LEMBaCuentos infantiles españolesySiglo XX142LEMBaLiteratura infantil españolaySiglo XX142LEMBaNiños en la literatura142LEMBaJuegos en la literatura142LEMBaFamilia en la literatura142LEMBaEmociones en la literatura142LEMBaAburrimiento en la literatura1 aUrberuaga, Emilioeilustrador aBogotábEdiciones SMc2014 atextobtxt2rdacontent asin mediaciónbn2rdamedia avolumenbnc2rdacarrier aCO-BoRNBPbspaerdacCO-BoRNBP aC LIN2